000 00696nam a2200217Ia 4500
001 14894
003 GE_BSU
008 181216s||||||||xx |||||||||||||| ||und||
040 _cGE_BSU
080 _a517.(075.8)
100 _aБермант,А.Ф. Араманович,И.А.
245 _aКраткий курс математического анализа для втузов.
250 _a8-е изд.
260 _aМосква
260 _bНаука
260 _c1973
300 _a720стр.22см.
300 _eТаблицы. Библиогр. стр.712
653 _aКраткий курс математического анализа для втузов.
942 _cBK
999 _c48014
_d48014